Gimme Gimme Gimme! - ABBA (Missing Lyrics) - Statistics

General Stats
  • This quiz has been taken 467 times
  • The average score is 17 of 21
Answer Stats
Lyrics Missing % Correct
Gimme, gimme, gimme a man after ___ midnight
94%
Gimme, gimme, gimme a ___ after midnight man
93%
Half past ___ twelve
91%
Is not a ___ out there? Someone to hear my prayer? soul
88%
Gimme, gimme, gimme a man ___ midnight after
87%
And I'm watching in the late show in my flat all ___ alone
87%
Take me through the ___ to the break of the day darkness
87%
Won't somebody help me chase the ___ away shadows
86%
Take me through the darkness to the break of the ___ day
85%
And it makes me so depressed to ___ the gloom see
85%
Is not a soul out there? Someone to hear my ___? prayer
84%
___, gimme, gimme a man after midnight Gimme
83%
Won't ___ help me chase the shadows away somebody
83%
Autumn winds blowing outside the ___ as I look around the room window
82%
___, ___, ___ a man after midnight Gimme, gimme, gimme
81%
How I ___ to spend the evening on my own hate
81%
It's so different from the ___ I'm living in world
70%
I open the window and I gaze into the ___ night
69%
But there's nothing there to see, no one in ___ sight
67%
Movie stars find the end of the ___ with a fortune to win rainbow
55%
___ of TV Tired
50%
No matching quizzes found
Score Distribution
Percent of People with Each Score
Percentile by Number Answered
Your Score History
You have not taken this quiz